000 00576nam a2200205 i 4500
001 34415
003 ES-MaACL
005 20240601063021.0
007 t|
008 030207s1963 sp ||||1| spa d
100 1 _aBoneo, Martín Alberto.
_930107
245 1 0 _aDe aquí al olvido /
_cMartín Alberto Boneo.
260 _aMadrid :
_b[s.n.,
_c1963]
300 _a32 p. ;
_c22 cm.
490 1 _aColección Rocamador ;
_v29
830 0 0 _aRocamador (Serie) ;
_v29
_9236737
852 _aES-MaACL
_j2089-F-11
_bR.89029
942 _2udc
999 _c34415
_d34415